<?xml version="1.0" encoding="UTF-8"?>
<collection xmlns="http://www.loc.gov/MARC21/slim">
    <record>
        <controlfield tag="001">59205</controlfield>
        <controlfield tag="005">20200221144248.0</controlfield>
        <datafield tag="024" ind1="8" ind2=" ">
            <subfield code="2">sideral</subfield>
            <subfield code="a">95507</subfield>
        </datafield>
        <datafield tag="037" ind1=" " ind2=" ">
            <subfield code="a">ART-2016-95507</subfield>
        </datafield>
        <datafield tag="041" ind1=" " ind2=" ">
            <subfield code="a">eng</subfield>
        </datafield>
        <datafield tag="100" ind1=" " ind2=" ">
            <subfield code="0">(orcid)0000-0002-1460-1590</subfield>
            <subfield code="a">Pueyo Anchuela, Óscar</subfield>
            <subfield code="u">Universidad de Zaragoza</subfield>
        </datafield>
        <datafield tag="245" ind1=" " ind2=" ">
            <subfield code="a">Indirect geophysical characterization of geohazards in mantled karst environments in the Ebro Basin</subfield>
        </datafield>
        <datafield tag="260" ind1=" " ind2=" ">
            <subfield code="c">2016</subfield>
        </datafield>
        <datafield tag="506" ind1="0" ind2=" ">
            <subfield code="a">Access copy available to the general public</subfield>
            <subfield code="f">Unrestricted</subfield>
        </datafield>
        <datafield tag="520" ind1="3" ind2=" ">
            <subfield code="a">Karst hazards in the central Ebro Basin are related to subsidence and collapses owing to evaporitic rocks located several tens of metres below the surface. In this type of karst (mantle karst) cavities propagate upwards through a non-soluble rock, in this case Quaternary alluvial deposits. The typical geological series comprises a heterogeneous alluvial unit underlain by a soluble, mainly gypsiferous, substratum and several water tables that usually present high conductivity variations. The highest concentration of karstic evidence is identified along the fluvial flood plain of the Ebro River where clayey deposits dominate at the surface. These boundary conditions produce complex environments for the evaluation of geophysical data related to i) karst activity, ii) the presence of cavities below the water table and within the substratum and iii) the variable sedimentary architecture of fluvial deposits. During the past ten years different geophysical techniques have been used in order to characterize karst hazards in the Central Ebro Basin. These experiences have enabled the evaluation resolution, discrimination characterization and finding of karstic evidence using different approaches. The main success in the application of these geophysical techniques has been the quantification of karst hazards from the record of subsidence processes through changes in density, magnetic susceptibility, apparent conductivity and structure of the alluvial deposits. However, the identification of cavities below the alluvial series still represents a serious handicap wing to nonunivocal interpretations and low resolution or penetration of geophysical techniques</subfield>
        </datafield>
        <datafield tag="540" ind1=" " ind2=" ">
            <subfield code="9">info:eu-repo/semantics/openAccess</subfield>
            <subfield code="a">by</subfield>
            <subfield code="u">http://creativecommons.org/licenses/by/3.0/es/</subfield>
        </datafield>
        <datafield tag="592" ind1=" " ind2=" ">
            <subfield code="a">0.736</subfield>
            <subfield code="b">2016</subfield>
        </datafield>
        <datafield tag="593" ind1=" " ind2=" ">
            <subfield code="a">Geophysics</subfield>
            <subfield code="c">2016</subfield>
            <subfield code="d">Q2</subfield>
        </datafield>
        <datafield tag="655" ind1=" " ind2="4">
            <subfield code="a">info:eu-repo/semantics/article</subfield>
            <subfield code="v">info:eu-repo/semantics/acceptedVersion</subfield>
        </datafield>
        <datafield tag="700" ind1=" " ind2=" ">
            <subfield code="0">(orcid)0000-0003-3652-3527</subfield>
            <subfield code="a">Casas Sainz, Antonio María</subfield>
            <subfield code="u">Universidad de Zaragoza</subfield>
        </datafield>
        <datafield tag="700" ind1=" " ind2=" ">
            <subfield code="0">(orcid)0000-0003-3197-4177</subfield>
            <subfield code="a">Pocoví Juan, Andrés</subfield>
            <subfield code="u">Universidad de Zaragoza</subfield>
        </datafield>
        <datafield tag="710" ind1="2" ind2=" ">
            <subfield code="1">2000</subfield>
            <subfield code="2">428</subfield>
            <subfield code="a">Universidad de Zaragoza</subfield>
            <subfield code="b">Dpto. Ciencias de la Tierra</subfield>
            <subfield code="c">Área Geodinámica Interna</subfield>
        </datafield>
        <datafield tag="773" ind1=" " ind2=" ">
            <subfield code="g">34, 8 (2016), 79-86</subfield>
            <subfield code="p">First break</subfield>
            <subfield code="t">First break</subfield>
            <subfield code="x">0263-5046</subfield>
        </datafield>
        <datafield tag="856" ind1="4" ind2="1">
            <subfield code="u">http://earthdoc.eage.org/publication/publicationdetails/?publication=86177</subfield>
            <subfield code="z">Texto completo de la revista</subfield>
        </datafield>
        <datafield tag="856" ind1="4" ind2=" ">
            <subfield code="s">1689899</subfield>
            <subfield code="u">http://zaguan.unizar.es/record/59205/files/texto_completo.pdf</subfield>
            <subfield code="y">Postprint</subfield>
        </datafield>
        <datafield tag="856" ind1="4" ind2=" ">
            <subfield code="s">101864</subfield>
            <subfield code="u">http://zaguan.unizar.es/record/59205/files/texto_completo.jpg?subformat=icon</subfield>
            <subfield code="x">icon</subfield>
            <subfield code="y">Postprint</subfield>
        </datafield>
        <datafield tag="909" ind1="C" ind2="O">
            <subfield code="o">oai:zaguan.unizar.es:59205</subfield>
            <subfield code="p">articulos</subfield>
            <subfield code="p">driver</subfield>
        </datafield>
        <datafield tag="951" ind1=" " ind2=" ">
            <subfield code="a">2020-02-21-13:26:39</subfield>
        </datafield>
        <datafield tag="980" ind1=" " ind2=" ">
            <subfield code="a">ARTICLE</subfield>
        </datafield>
    </record>

    
</collection>